| 000 | 00355nam a2200133Ia 4500 | ||
|---|---|---|---|
| 005 | 20251222144711.0 | ||
| 008 | 251222s9999||||xx |||||||||||||| ||spa|| | ||
| 020 | _a978-603-45065-6-5 | ||
| 082 | _a346.02/C79 | ||
| 100 | _aCórdova Schaefer, Jesús | ||
| 245 | 0 | _aManual Práctico de Contratos: | |
| 264 | _bEdiciones Caballero Bustamante | ||
| 942 | _cLIB | ||
| 999 |
_c17848 _d17848 |
||